| 000 | 00464nam a2200181Ia 4500 | ||
|---|---|---|---|
| 001 | 8018 | ||
| 005 | 20260306160538.0 | ||
| 008 | 260306t2009||||xx |||||||||||||| ||spa|| | ||
| 041 | _aESP | ||
| 082 |
_a370.1 _bB25 |
||
| 100 |
_aBarrio Maestre, José María, _eAUT |
||
| 245 | 0 |
_aEl balcón de Sócrates : _buna propuesta frente al nihilismo |
|
| 260 | _c2009 | ||
| 300 |
_a136 páginas : _c19 cm. |
||
| 650 | _aGEN | ||
| 654 | _aCED | ||
| 942 |
_cLIB _dJUS _fJUS _2ddc _n |
||
| 999 |
_c8018 _d8018 |
||